Life in the West / (Record no. 718)
[ view plain ]
| 000 -LEADER | |
|---|---|
| fixed length control field | 01464nam a22003017a 4500 |
| 005 - DATE AND TIME OF LATEST TRANSACTION | |
| control field | 20230703150524.0 |
| 020 ## - INTERNATIONAL STANDARD BOOK NUMBER | |
| International Standard Book Number | 9780531205839 (hardcover) |
| 020 ## - INTERNATIONAL STANDARD BOOK NUMBER | |
| International Standard Book Number | 9780531212462 (softcover) |
| 040 ## - CATALOGING SOURCE | |
| Original cataloging agency | DLC |
| Transcribing agency | DLC |
| Modifying agency | DLC |
| Language of cataloging | eng |
| 050 00 - LIBRARY OF CONGRESS CALL NUMBER | |
| Classification number | F596 |
| Item number | .D66 2010 |
| 082 00 - DEWEY DECIMAL CLASSIFICATION NUMBER | |
| Classification number | 978 |
| Edition number | 229 |
| 100 1# - MAIN ENTRY--PERSONAL NAME | |
| Personal name | Domnauer, Teresa. |
| 245 10 - TITLE STATEMENT | |
| Title | Life in the West / |
| Statement of responsibility, etc. | by Teresa Domnauer. |
| 260 ## - PUBLICATION, DISTRIBUTION, ETC. | |
| Place of publication, distribution, etc. | New York : |
| Name of publisher, distributor, etc. | Scholastic, |
| Date of publication, distribution, etc. | 2010. |
| 300 ## - PHYSICAL DESCRIPTION | |
| Extent | 48 pages : |
| Other physical details | illustrations (some color) ; |
| Dimensions | 22 cm. |
| 490 0# - SERIES STATEMENT | |
| Series statement | A true book |
| 505 ## - FORMATTED CONTENTS NOTE | |
| Formatted contents note | X <br/> |
| 520 ## - SUMMARY, ETC. | |
| Summary, etc. | A True Book: Westward Expansion takes readers on an amazing journey to a fascinating time in U.S. history when the country was experiencing dynamic change and expanding westward. This book provides the keys to discovering the important people, places and events that helped shape the western United States. An age appropriate (grades 3-5) introduction to curriculum-relevant subjects and a robust resource section that encourages independent study is included. |
| 521 ## - TARGET AUDIENCE NOTE | |
| Target audience note | 890 <br/> |
| Source | Lexile <br/> |
| 521 ## - TARGET AUDIENCE NOTE | |
| Target audience note | X <br/> |
| Source | Raz-Plus <br/> |
| 650 #0 - SUBJECT ADDED ENTRY--TOPICAL TERM | |
| Topical term or geographic name entry element | Frontier and pioneer life |
| Geographic subdivision | West (U.S.) |
| Form subdivision | Juvenile literature. |
| 650 #0 - SUBJECT ADDED ENTRY--TOPICAL TERM | |
| Topical term or geographic name entry element | Pioneers |
| Geographic subdivision | West (U.S.) |
| General subdivision | History |
| Chronological subdivision | 19th century |
| Form subdivision | Juvenile literature. |
| 650 #0 - SUBJECT ADDED ENTRY--TOPICAL TERM | |
| Topical term or geographic name entry element | Pioneers |
| Geographic subdivision | West (U.S.) |
| General subdivision | Social life and customs |
| Chronological subdivision | 19th century |
| Form subdivision | Juvenile literature. |
| 906 ## - LOCAL DATA ELEMENT F, LDF (RLIN) | |
| a | 7 |
| b | cbc |
| c | orignew |
| d | 1 |
| e | ecip |
| f | 20 |
| g | y-gencatlg |
| 942 ## - ADDED ENTRY ELEMENTS (KOHA) | |
| Source of classification or shelving scheme | Dewey Decimal Classification |
| Koha item type | Books |
| Suppress in OPAC | No |
| 999 ## - | |
| -- | 718 |
| -- | 718 |
| Withdrawn status | Lost status | Source of classification or shelving scheme | Damaged status | Not for loan | Collection | Home library | Current library | Shelving location | Date acquired | Total Checkouts | Full call number | Barcode | Date last seen | Date last checked out | Price effective from | Koha item type |
|---|---|---|---|---|---|---|---|---|---|---|---|---|---|---|---|---|
| Dewey Decimal Classification | Non-Fiction | Footprints International School Library Network Toul Kork Campus | Footprints International School Library Network Toul Kork Campus | A TK Campus, 4th Floor, Room B401, Non-Fiction Bookcases(7-8) | 07/03/2023 | 1 | DOM 978 F596.D66 | FISTK04789 | 09/08/2023 | 08/31/2023 | 07/03/2023 | Books |
